Serbian Municipality Flags 2 - Statistics

General Stats
  • This quiz has been taken 23 times
  • The average score is 8 of 16
Answer Stats
Picture Answer % Correct
Pirot
82%
Smederevo
77%
Bor
64%
Prizren
64%
Užice
59%
Požarevac
55%
Vršac
50%
Pančevo
45%
Zrenjanin
45%
Loznica
41%
Zaječar
41%
Zvezdara
41%
Rakovica
36%
Vranje
36%
Priština
27%
Čukarica
23%
No matching quizzes found
Score Distribution
Percent of People with Each Score
Percentile by Number Answered
Your Score History
You have not taken this quiz